Silica nanoparticles produced by DC arc plasma from a solid raw materials; Journal of Physics: Conference Series; Vol. 830 : Energy Fluxes and Radiation Effects 2016

Bibliographic Details
Parent link:Journal of Physics: Conference Series
Vol. 830 : Energy Fluxes and Radiation Effects 2016.— 2017.— [012122, 5 p.]
Main Author: Kosmachev P. V.
Corporate Author: Национальный исследовательский Томский политехнический университет
Other Authors: Vlasov V. A. Viktor Alekseevich, Skripnikova N. K.
Summary:Title screen
Plasma synthesis of SiO[2] nanoparticles in experimental atmospheric pressure plasma reactor on the basis of DC arc plasma generator was presented in this paper. Solid high-silica raw materials such as diatomite from Kamyshlovskoye deposit in Russia, quartzite from Chupinskoye deposit in Russia and milled window glass were used. The obtained nanoparticles were characterized based on their morphology, chemical composition and size distribution. Scanning electron microscopy, laser diffractometry, nitrogen absorption (Brunauer–Emmett–Teller method), X-ray photoelectron spectroscopy and energy-dispersive X-ray spectroscopy were used to characterize the synthesized products. The obtained silica nanoparticles are agglomerated, have spherical shape and primary diameters between 10-300 nm. All samples of synthesized nanopowders were compared with commercial nanopowders.
Language:English
Published: 2017
Series:Modification of materials with particle beams and plasma flows
Subjects:
Online Access:http://dx.doi.org/10.1088/1742-6596/830/1/012122
http://earchive.tpu.ru/handle/11683/39500
Format: Electronic Book Chapter
KOHA link:https://koha.lib.tpu.ru/cgi-bin/koha/opac-detail.pl?biblionumber=654945

MARC

LEADER 00000nla2a2200000 4500
001 654945
005 20250514103030.0
035 |a (RuTPU)RU\TPU\network\20674 
035 |a RU\TPU\network\20656 
090 |a 654945 
100 |a 20170530a2017 k y0engy50 ba 
101 0 |a eng 
105 |a y z 100zy 
135 |a drcn ---uucaa 
181 0 |a i  
182 0 |a b 
200 1 |a Silica nanoparticles produced by DC arc plasma from a solid raw materials  |f P. V. Kosmachev, V. A. Vlasov, N. K. Skripnikova 
203 |a Text  |c electronic 
225 1 |a Modification of materials with particle beams and plasma flows 
300 |a Title screen 
320 |a [References: 13 tit.] 
330 |a Plasma synthesis of SiO[2] nanoparticles in experimental atmospheric pressure plasma reactor on the basis of DC arc plasma generator was presented in this paper. Solid high-silica raw materials such as diatomite from Kamyshlovskoye deposit in Russia, quartzite from Chupinskoye deposit in Russia and milled window glass were used. The obtained nanoparticles were characterized based on their morphology, chemical composition and size distribution. Scanning electron microscopy, laser diffractometry, nitrogen absorption (Brunauer–Emmett–Teller method), X-ray photoelectron spectroscopy and energy-dispersive X-ray spectroscopy were used to characterize the synthesized products. The obtained silica nanoparticles are agglomerated, have spherical shape and primary diameters between 10-300 nm. All samples of synthesized nanopowders were compared with commercial nanopowders. 
461 0 |0 (RuTPU)RU\TPU\network\3526  |t Journal of Physics: Conference Series 
463 0 |0 (RuTPU)RU\TPU\network\20593  |t Vol. 830 : Energy Fluxes and Radiation Effects 2016  |o 5th International Congress, 2–7 October 2016, Tomsk, Russian Federation  |o [materials]  |f National Research Tomsk Polytechnic University (TPU) ; eds. M. V. Trigub G. E. Osokin ; A. S. Konovod  |v [012122, 5 p.]  |d 2017 
610 1 |a электронный ресурс 
610 1 |a труды учёных ТПУ 
610 1 |a наночастицы 
610 1 |a диоксид кремния 
610 1 |a плазма 
610 1 |a постоянный ток 
610 1 |a плазменный синтез 
610 1 |a плазменные реакторы 
610 1 |a твердые материалы 
610 1 |a сканирующая электронная микроскопия 
610 1 |a лазерная дифрактометрия 
610 1 |a нанопорошки 
700 1 |a Kosmachev  |b P. V. 
701 1 |a Vlasov  |b V. A.  |c Russian scientist, one of leading specialists in Russia in the physics, plasma chemistry and molecular physics fields  |c Professor of TPU  |f 1958-  |g Viktor Alekseevich  |3 (RuTPU)RU\TPU\pers\26492 
701 1 |a Skripnikova  |b N. K. 
712 0 2 |a Национальный исследовательский Томский политехнический университет  |c (2009- )  |9 26305 
801 2 |a RU  |b 63413507  |c 20170620  |g RCR 
850 |a 63413507 
856 4 |u http://dx.doi.org/10.1088/1742-6596/830/1/012122 
856 4 |u http://earchive.tpu.ru/handle/11683/39500 
942 |c CF